• 首页
  • 本馆介绍
  • 公告通知
  • 最新文献
  • 馆藏检索
  • 电子资源
  • 读者导购
  • 参考咨询
  • 我的图书馆
  • 登录
  • 详细信息显示
  • 放入我的书架
  • 预约/预借图书
  • 作者相关作品
  • 分类相关作品
  • 丛书相关作品
  • 出版社相关作品

书目信息

  • 表格格式
  • 工作单格式
  • 卡片格式
题名:
三七资源与育种学
    
 
作者: 金航 , 张金渝 主编
分册:  
出版信息: 北京   科学出版社  2018.05
页数: 173页
开本: 24cm
丛书名:
单 册:
中图分类: S567.23
科图分类:
主题词: 三七--种质资源 , 三七--植物育种
电子资源:
ISBN: 978-7-03-057168-7
000 00960nam0 2200253 450
001 3659
005 20181008114125.06
010    @a978-7-03-057168-7@dCNY88.00
100    @a20180714d2018 em y0chiy50 ea
101 0  @achi
102    @aCN@b110000
105    @aa z 000yy
200 1  @a三七资源与育种学@9san qi zi yuan yu yu zhong xue@f金航, 张金渝主编
210    @a北京@c科学出版社@d2018.05
215    @a173页@c图@d24cm
300    @a中国三七大全
330    @a本书在总结编者多年来的科研成果和国内外最新资料的基础上,全面地论述三七及其近缘种的资源学和育种学研究。全书考证了三七原植物及用药历史,阐述了三七的系统分类学和分子生物学基础,对三七的种质资源分布现状、种质资源保护及系统评价以及三七的品种选育均进行了细致的叙述。
606 0  @a三七@x种质资源
606 0  @a三七@x植物育种
690    @aS567.23@v5
701  0 @a金航@9jin hang@f(1964- )@4主编
701  0 @a张金渝@9zhang jin yu@4主编
801  0 @aCN@b91MARC@c20180714
905    @aMuseLib@dS567.23@e77
    
    三七资源与育种学/金航, 张金渝主编.-北京:科学出版社,2018.05
    173页:图;24cm
    中国三七大全
    
    ISBN 978-7-03-057168-7:CNY88.00
    本书在总结编者多年来的科研成果和国内外最新资料的基础上,全面地论述三七及其近缘种的资源学和育种学研究。全书考证了三七原植物及用药历史,阐述了三七的系统分类学和分子生物学基础,对三七的种质资源分布现状、种质资源保护及系统评价以及三七的品种选育均进行了细致的叙述。
●
相关链接 在E读中查询图书 在五车中查询图书 在当当中查询图书 在豆瓣中查询图书


正题名:三七资源与育种学     索取号:S567.23/77         预约/预借

序号 登录号 条形码 馆藏地/架位号 状态 备注
1 1123087   211230871   第二样本阅览室/ [索取号:S567.23/77] 在馆    
2 1123088   211230880   第三借阅区/ [索取号:S567.23/77] 在馆    
3 1123089   211230899   第三借阅区/ [索取号:S567.23/77] 在馆    
4 1123090   211230906   第三借阅区/ [索取号:S567.23/77] 在馆    
5 1123091   211230915   生命科学系资料室/ [索取号:S567.23/77] 在馆    
唐山师范学院图书馆 欢迎您!
大连网信软件有限公司© 版权所有